00310nam a22001217a 4500008004100000020001800041041000800059080001600067082001000083100000700093101000700100245008100107210225b ||||| |||| 00| 0 eng d a9780030329319 aeng 210tha334.7 a334.7 a55 aMF aStudy Guide to Accompany Financial Managment Theory and PracticecBrigham, E